000 00865nam a2200205 i 4500
001 184605
003 ES-MaACL
005 20260223111209.0
008 151027s1924 mx |||| | spa d
245 0 0 _aColección de algunos documentos sobre los primeros tiempos de Arequipa mandados publicar por el Concejo provincial con ocasión del 1er. cententario de la batalla de Ayacucho.
260 _a[S.l.] :
_b[s.n.],
_c1924 (
_eArequipa :
_fTip. Cartig. & Rivera)
300 _a325 p., [14] h. de lám. ;
_c19 cm.
530 _aDisponible en formato digital.
610 2 4 _aArchivo Municipal (Arequipa)-
_vCatálogos.
_9158026
651 4 _aArequipa-
_xHistoria-
_vFuentes.
_9158027
852 _aES-MaACL
_jF-6657
_cDEPO2
856 4 _uhttp://bdh-rd.bne.es/viewer.vm?id=0000119989&page=1
_yBiblioteca Digital Hispánica
942 _2udc
999 _c184605
_d184605